000 01015 a2200169 4500
003 Nust
005 20221014111317.0
040 _cNust
082 _a604.2,WRI
100 _aWright, Lawrence S.
_9100298
245 _aDrafting; technical communication /
_cLawrence S. Wright.
260 _aBloomington,
_b McKnight & McKnight Pub. Co. [1968]
_cCo. [1968]
300 _axvii, 435 p. illus.
_b 27 cm.
505 _aIntroduction to Technical Drafting (Page-1),Technical Sketching (Page-24), Orthographic Projection (Page-48), Tool, Materials and Constructions (Page-79), Describing Interior Details (Page-129), Material , Processes Ad Dimensions (Page-142), Lettering the Drawing (Page-153), Dimensioning (Page-164), Finishing and Reproducing Drawings (Page-192), Auxiliary Projection (Page-223), Tolerancing (Page-232), Fastening (Page-241), Product Planning (Page-278), Career Information and Trends (Page-309), Technical Data Sections (Page-320).
650 _atechnical communication
_9100299
942 _2ddc
_cBK
999 _c183049
_d183049